Statystyki dla Quiz o Kazachstanie

Kliknij tutaj aby rozwiązać quiz!

Ogólne statystyki

  • Ten quiz został rozwiązany 1 521 razy
  • Średni wynik to 13 z 20

Statystyki odpowiedzi

WskazówkaOdpowiedź% Poprawnych
Państwa graniczące z KazachstanemRosja
96%
Państwa graniczące z KazachstanemUzbekistan
90%
Państwo, od którego Kazachstan
uzyskał niepodległość w 1991 r.
Związek Radziecki
89%
Dawna nazwa tego miastaAstana
88%
Państwa graniczące z KazachstanemChiny
88%
Państwa graniczące z KazachstanemKirgistan
88%
Państwa graniczące z KazachstanemTurkmenistan
87%
Najpowszechniejsza religiaIslam
85%
Największe na świecie jezioro świata,
z którym graniczy Kazachstan
Morze {Kaspijskie}
84%
Stolica KazachstanuNur-Sułtan
81%
Lądowy szlak handlowy, który przebiegał
przez Kazachstan do XVIII wieku
{Jedwabny} Szlak
67%
Chan, który podbił region w XIII wiekuCzyngis-chan
55%
Najludniejsze miastoAłmaty
51%
Znaczna część Kazachstanu składa się
z tego eurazjatyckiego biomu użytków zielonych
Step
50%
Zwierzę, które według niektórych ludzi
zostało udomowione w tym regionie
Koń
47%
Dawniej czwarte co do wielkości jezioro
na świecie, obecnie w większości wyparowało
Morze {Aralskie}
47%
Największy eksportRopa naftowa
47%
Najsłynniejszy fikcyjny kazachski film
(w świecie zachodnim)
Borat
42%
Bajkonur, obecnie dzierżawiony
przez Rosję to największy...
Kosmodrom
35%
Święto obchodzone 7 stycznia w KazachstanieBoże Narodzenie
24%

Rozkład punktacji

Percentyl według liczby udzielonych odpowiedzi

Procent ludzi z każdym wynikiem

Twoja historia wyników

Nie rozwiązałeś tego quizu